Joan Miró : (Record no. 1318)
[ view plain ]
| 000 -LEADER | |
|---|---|
| campo de control de longitud fija | 00996nam a22002657a 4500 |
| 008 - DATOS DE LONGITUD FIJA--INFORMACIÓN GENERAL | |
| campo de control de longitud fija | 171012s2001 sp||||| |||| 00| 0 fra d |
| 020 ## - NÚMERO INTERNACIONAL ESTÁNDAR DEL LIBRO | |
| Número Internacional Estándar del Libro | 8492392592 |
| 082 04 - NÚMERO DE LA CLASIFICACIÓN DECIMAL DEWEY | |
| Número de clasificación | 708 |
| Número de ítem | M671d |
| 100 1# - ENTRADA PRINCIPAL--NOMBRE DE PERSONA | |
| Nombre de persona | Escudero, Carme. |
| 9 (RLIN) | 6032 |
| 245 ## - MENCIÓN DEL TÍTULO | |
| Título | Joan Miró : |
| Resto del título | desfilada d'obsessions / |
| Mención de responsabilidad, etc. | curaduría por Carme Escudero y Teresa Montaner ; Fundació Joan Miró. |
| 250 ## - MENCION DE EDICION | |
| Mención de edición | 1a edición. |
| 260 ## - PUBLICACIÓN, DISTRIBUCIÓN, ETC. | |
| Lugar de publicación, distribución, etc. | Barcelona : |
| Nombre del editor, distribuidor, etc. | Fundació Joan Miró, |
| Fecha de publicación, distribución, etc. | 2001. |
| 300 ## - DESCRIPCIÓN FÍSICA | |
| Extensión | 168 páginas : |
| Otras características físicas | ilustraciones en color. |
| 500 ## - NOTA GENERAL | |
| Nota general | Catálogo publicado con motivo a la exposición "Joan Miró: Desfilada d'obsessions", presentada del 14 de junio al 2 de setiembre de 2001, en Fundació Joan Miró. |
| 653 10 - TÉRMINO DE INDIZACIÓN--NO CONTROLADO | |
| Término no controlado | Arte contemporáneo |
| 653 10 - TÉRMINO DE INDIZACIÓN--NO CONTROLADO | |
| Término no controlado | Catálogo de exhibición |
| 653 10 - TÉRMINO DE INDIZACIÓN--NO CONTROLADO | |
| Término no controlado | Exhibiciones |
| 653 10 - TÉRMINO DE INDIZACIÓN--NO CONTROLADO | |
| Término no controlado | Pintura |
| 653 10 - TÉRMINO DE INDIZACIÓN--NO CONTROLADO | |
| Término no controlado | Arte - España |
| 653 10 - TÉRMINO DE INDIZACIÓN--NO CONTROLADO | |
| Término no controlado | Pintores |
| 653 10 - TÉRMINO DE INDIZACIÓN--NO CONTROLADO | |
| Término no controlado | Arte surrealista |
| 653 10 - TÉRMINO DE INDIZACIÓN--NO CONTROLADO | |
| Término no controlado | Surrealismo |
| 700 1# - ENTRADA AGREGADA--NOMBRE PERSONAL | |
| Nombre de persona | Montaner, Teresa. |
| Término indicativo de función/relación | curadora. |
| 9 (RLIN) | 6033 |
| 710 1# - ENTRADA AGREGADA--NOMBRE DE ENTIDAD CORPORATIVA | |
| Nombre de entidad corporativa o nombre de jurisdicción como elemento de entrada | Fundació Joan Miró. |
| 9 (RLIN) | 6034 |
| Estatus retirado | Estado de pérdida | Fuente del sistema de clasificación o colocación | Estado de daño | No para préstamo | Biblioteca de origen | Biblioteca actual | Ubicación en estantería | Fecha de adquisición | Total de préstamos | Signatura topográfica completa | Código de barras | Visto por última vez | Precio de reemplazo | Tipo de ítem Koha |
|---|---|---|---|---|---|---|---|---|---|---|---|---|---|---|
| Clasificación Decimal Dewey | Biblioteca LadoV | Biblioteca LadoV | 12/10/2017 | 708 M671d | 001060 | 12/10/2017 | 12/10/2017 | Material 01 |
